|
|
|
|
| LEADER |
00000nab a2200000 a 4500 |
| 001 |
vtls000853416 |
| 003 |
SK-MaSNL |
| 005 |
20260304123448.0 |
| 008 |
250429c2003 xo 0 slo |
| 015 |
|
|
|a SNBRB2003/11-34130
|
| 035 |
|
|
|a CLN000205071
|
| 035 |
|
|
|a (urnnbn)urn:nbn:sk:snk:ar-0064c3
|
| 035 |
|
|
|a (uuid)601d66f8-8cdf-4b7e-8a4e-8e6918667191
|
| 035 |
|
|
|a urn:nbn:sk:snk-ab82h5
|
| 040 |
|
|
|a SNKBUCL
|b slo
|c SNKBUCL
|e AACR2
|
| 041 |
0 |
|
|a eng
|
| 044 |
|
|
|a xo
|c SK
|
| 080 |
|
|
|a 615.832.9:577.175.5:831-009.1:063.1
|2 1997
|
| 245 |
0 |
0 |
|a Effect of 3-day bed rest on plasma catecholamine responses to environmental stressors depends on previous habitual activity
|c H. Kaciuba-Uscilko ... [et al.]
|
| 650 |
0 |
7 |
|a kľud na lôžku
|2 MESH
|9 863957
|
| 650 |
0 |
7 |
|a návyk (psychofyziológia)
|2 MESH
|9 1432424
|
| 650 |
0 |
7 |
|a katecholamíny
|2 MESH
|9 18432
|
| 650 |
0 |
7 |
|a etiológia
|2 MESH
|9 20150
|
| 650 |
0 |
7 |
|a chlad
|2 MESH
|9 23039
|
| 650 |
0 |
7 |
|a športy
|2 MESH
|9 19442
|
| 650 |
0 |
7 |
|a abstrakty z kongresu
|2 MESH
|9 168204
|
| 650 |
0 |
7 |
|a ortostatická hypotenzia
|2 MESH
|9 209132
|
| 650 |
0 |
7 |
|a biosyntéza (biochémia)
|2 MESH
|9 132781
|
| 655 |
|
7 |
|a články z novín a časopisov
|2 snkbucl
|9 267496
|
| 700 |
1 |
|
|a Kaciuba-Uscilko, H.
|4 aut
|9 1345973
|
| 700 |
1 |
|
|a Mikulski, T.
|4 aut
|9 1432425
|
| 700 |
1 |
|
|a Nazar, K.
|4 aut
|9 1345972
|
| 700 |
1 |
|
|a Smorawinski, J.
|4 aut
|9 1432426
|
| 700 |
1 |
|
|a Adrian, J.
|4 aut
|9 1432427
|
| 711 |
1 |
|
|a Symposium on Catecholamines and other Neurotransmitters in Stress
|n (8. :
|d 2003 :
|c Smolenice, Slovensko)
|4 aut
|9 93433
|
| 773 |
0 |
|
|t Endocrine regulations
|g Vol. 37, no. 2 (2003), s. 106
|x 1210-0668; 1336-0329
|
| 850 |
|
|
|a Slovenská národná knižnica
|
| 852 |
|
|
|a Slovenská národná knižnica
|
| 958 |
|
|
|a article9
|
| 958 |
|
|
|a MI
|
| 958 |
|
|
|a RBX
|
| 958 |
|
|
|a OND
|
| 958 |
|
|
|a EUIPO
|
| 999 |
|
|
|c 2889549
|d 2891479
|